Europe and the French revolution : The political traditions of the old régime
محفوظ في:
| المؤلف الرئيسي: | |
|---|---|
| التنسيق: | كتاب |
| اللغة: | Undetermined |
| منشور في: |
London
Collins
1969
|
| الوسوم: |
إضافة وسم
لا توجد وسوم, كن أول من يضع وسما على هذه التسجيلة!
|
| Thư viện lưu trữ: | Trung tâm Học liệu Trường Đại học Cần Thơ |
|---|
| LEADER | 00542nam a2200181Ia 4500 | ||
|---|---|---|---|
| 001 | CTU_80967 | ||
| 008 | 210402s9999 xx 000 0 und d | ||
| 082 | |a 940.253 | ||
| 082 | |b S713 | ||
| 100 | |a Sorel, Albert | ||
| 245 | 0 | |a Europe and the French revolution : | |
| 245 | 4 | |b The political traditions of the old régime | |
| 245 | 0 | |c Albert Sorel; translated by Alfred Cobban & J. W. Hunt | |
| 260 | |a London | ||
| 260 | |b Collins | ||
| 260 | |c 1969 | ||
| 904 | |i Vương,Hải | ||
| 980 | |a Trung tâm Học liệu Trường Đại học Cần Thơ | ||